| 000 | 00966nam a2200121Ia 4500 | ||
|---|---|---|---|
| 008 | 220615s9999||||xx |||||||||||||| ||und|| | ||
| 100 | _aFlodin, Camilla | ||
| 245 | 0 | _aChapter 12 Hölderlin’s Higher Enlightenment | |
| 546 | _aEnglish[eng] | ||
| 650 | _aAdam Smith||Alexander Gottlieb Baumgarten||Anne Pollok||aesthetics narrative||aesthetic experience||autonomy||British aesthetics||Camilla Flodin||David Hume||Dorothea von Mücke||disinterestednes||Emily Brady||Friedrich Hölderlin||force||German aesthetics||German romanticism||Goethe||G.E. Lessing||higher enlightenment||Jocelyn Holland||Johann Joachim Winckelmann||Johann Wilhelm Ritter||Joseph Addison||Karen Green||Karl Axelsson||Madame de Staël||Maria Semi||Mattias Pirholt||Moses Mendelssohn||morality | ||
| 856 | _uhttps://library.oapen.org/bitstream/20.500.12657/46492/1/9781000077247-ch12.pdf||https://library.oapen.org/bitstream/20.500.12657/46492/1/9781000077247-ch12.pdf | ||
| 942 | _cEB | ||
| 999 |
_c17798 _d17798 |
||